<?xml version="1.0" encoding="UTF-8"?>
<record
    xmlns:xsi="http://www.w3.org/2001/XMLSchema-instance"
    xsi:schemaLocation="http://www.loc.gov/MARC21/slim http://www.loc.gov/standards/marcxml/schema/MARC21slim.xsd"
    xmlns="http://www.loc.gov/MARC21/slim">

  <leader>03416nam a2200589Ia 4500</leader>
  <controlfield tag="001">7065</controlfield>
  <controlfield tag="008">241029s9999    xx            000 0 und d</controlfield>
  <datafield tag="010" ind1=" " ind2=" ">
    <subfield code="a">6683</subfield>
  </datafield>
  <datafield tag="041" ind1=" " ind2=" ">
    <subfield code="a">Espa&#xF1;ol</subfield>
  </datafield>
  <datafield tag="082" ind1=" " ind2=" ">
    <subfield code="a">UCSP-MGP-0228-2017</subfield>
  </datafield>
  <datafield tag="245" ind1=" " ind2="0">
    <subfield code="a">Propuesta de un programa de acompa&#xF1;amiento pedag&#xF3;gico para una gesti&#xF3;n educativa de calidad en el Nivel Inicial del Colegio Seraf&#xED;n de As&#xED;s, Distrito Nacional, en el periodo 2017</subfield>
  </datafield>
  <datafield tag="260" ind1=" " ind2=" ">
    <subfield code="a">Distrito Nacional</subfield>
  </datafield>
  <datafield tag="300" ind1=" " ind2=" ">
    <subfield code="a">93</subfield>
  </datafield>
  <datafield tag="520" ind1=" " ind2=" ">
    <subfield code="a">64</subfield>
  </datafield>
  <datafield tag="630" ind1=" " ind2=" ">
    <subfield code="a">Acompa&#xF1;amiento</subfield>
  </datafield>
  <datafield tag="630" ind1=" " ind2=" ">
    <subfield code="a">Acompa&#xF1;amiento Pedag&#xF3;gico</subfield>
  </datafield>
  <datafield tag="630" ind1=" " ind2=" ">
    <subfield code="a">Centros Educativos</subfield>
  </datafield>
  <datafield tag="630" ind1=" " ind2=" ">
    <subfield code="a">Ense&#xF1;anza-Aprendizaje</subfield>
  </datafield>
  <datafield tag="630" ind1=" " ind2=" ">
    <subfield code="a">Gesti&#xF3;n</subfield>
  </datafield>
  <datafield tag="650" ind1=" " ind2=" ">
    <subfield code="a">Gesti&#xF3;n Educativa</subfield>
  </datafield>
  <datafield tag="690" ind1=" " ind2=" ">
    <subfield code="a">Elaborado</subfield>
  </datafield>
  <datafield tag="700" ind1=" " ind2=" ">
    <subfield code="e">asesor</subfield>
    <subfield code="a">Bravo , Delfina</subfield>
  </datafield>
  <datafield tag="700" ind1=" " ind2=" ">
    <subfield code="e">autor</subfield>
    <subfield code="a">Rijo, Johanny Isabel </subfield>
  </datafield>
  <datafield tag="700" ind1=" " ind2=" ">
    <subfield code="e">autor</subfield>
    <subfield code="a">Santana, Mirtha</subfield>
  </datafield>
  <datafield tag="700" ind1=" " ind2=" ">
    <subfield code="e">asesor</subfield>
    <subfield code="a">Diroch&#xE9;, Ricardo </subfield>
  </datafield>
  <datafield tag="901" ind1=" " ind2=" ">
    <subfield code="a">{"1":"Rijo","2":"Santana"}</subfield>
    <subfield code="b">{"1":"Johanny Isabel ","2":"Mirtha"}</subfield>
  </datafield>
  <datafield tag="902" ind1=" " ind2=" ">
    <subfield code="a">2</subfield>
  </datafield>
  <datafield tag="903" ind1=" " ind2=" ">
    <subfield code="a">{"1":"Diroch&#xE9;","2":"Bravo "}</subfield>
    <subfield code="b">{"1":"Ricardo ","2":"Delfina"}</subfield>
  </datafield>
  <datafield tag="904" ind1=" " ind2=" ">
    <subfield code="a">Maestr&#xED;a en</subfield>
  </datafield>
  <datafield tag="905" ind1=" " ind2=" ">
    <subfield code="a">Planificaci&#xF3;n y Gesti&#xF3;n Educativa</subfield>
  </datafield>
  <datafield tag="906" ind1=" " ind2=" ">
    <subfield code="a">2</subfield>
  </datafield>
  <datafield tag="907" ind1=" " ind2=" ">
    <subfield code="a">NO APLICA</subfield>
  </datafield>
  <datafield tag="908" ind1=" " ind2=" ">
    <subfield code="a">NO APLICA</subfield>
  </datafield>
  <datafield tag="909" ind1=" " ind2=" ">
    <subfield code="a">Universidad Cat&#xF3;lica de Santo Domingo (UCSD)</subfield>
  </datafield>
  <datafield tag="910" ind1=" " ind2=" ">
    <subfield code="a">NULL</subfield>
    <subfield code="b">NULL</subfield>
  </datafield>
  <datafield tag="911" ind1=" " ind2=" ">
    <subfield code="a">["1"]</subfield>
  </datafield>
  <datafield tag="912" ind1=" " ind2=" ">
    <subfield code="a">NO APLICA</subfield>
  </datafield>
  <datafield tag="913" ind1=" " ind2=" ">
    <subfield code="a">NULL</subfield>
  </datafield>
  <datafield tag="914" ind1=" " ind2=" ">
    <subfield code="a">01 de Septiembre de 2017</subfield>
  </datafield>
  <datafield tag="915" ind1=" " ind2=" ">
    <subfield code="a">17/11/19 03:11</subfield>
  </datafield>
  <datafield tag="916" ind1=" " ind2=" ">
    <subfield code="a">NULL</subfield>
  </datafield>
  <datafield tag="917" ind1=" " ind2=" ">
    <subfield code="a">NULL</subfield>
  </datafield>
  <datafield tag="918" ind1=" " ind2=" ">
    <subfield code="a">NO APLICA</subfield>
  </datafield>
  <datafield tag="919" ind1=" " ind2=" ">
    <subfield code="a">["1","2","33","89","111"]</subfield>
  </datafield>
  <datafield tag="520" ind1=" " ind2=" ">
    <subfield code="a">El prop&#xF3;sito principal de la investigaci&#xF3;n, consisti&#xF3; en dise&#xF1;ar un programa de acompa&#xF1;amiento pedag&#xF3;gico que defina la informaci&#xF3;n, los procedimientos, t&#xE9;cnicas e instrumentos para la ejecuci&#xF3;n del mismo. El estudio fue no experimental, de alcance exploratorio y descriptivo, con la implementaci&#xF3;n de las t&#xE9;cnicas de entrevistas y encuestas. La muestra estuvo representada por los diferentes actores del proceso (una directora, una coordinadora y doce docentes).Entre los principales resultados del estudio se observ&#xF3;, que la gesti&#xF3;n del centro posee una amplia comprensi&#xF3;n y conocimiento de las funciones e importancia del ejercicio de acompa&#xF1;amiento a los docentes, a pesar de esto, los acompa&#xF1;amientos realizados son ineficientes, pues no cuentan con una estructura de organizaci&#xF3;n y lineamiento para la realizaci&#xF3;n de los mismos.Del mismo modo, los docentes no son informados a la hora de acompa&#xF1;arlos, se hacen interrupciones en las clases, no se planifica la etapa de seguimiento y no quedan plasmadas en alg&#xFA;n instrumento de evidencias e informaciones que pueda arrojar.&#xA0; Sin embargo, los an&#xE1;lisis realizados en las encuestas indicaron que para el personal docente, los acompa&#xF1;amientos son considerados como importantes para mejorar la calidad.Las principales recomendaciones del estudio indicaron que la instituci&#xF3;n educativa debe organizar un plan de acompa&#xF1;amiento pedag&#xF3;gico de seguimiento continuo, donde se establezcan los lineamientos a seguir para fortalecer el proceso de ense&#xF1;anza.&#xA0; Adem&#xE1;s, presentar esta investigaci&#xF3;n presume integrar una propuesta beneficiosa para el Nivel Inicial del Colegio Seraf&#xED;n de As&#xED;s, de forma que enriquezca las estrategias innovadoras de ense&#xF1;anza.</subfield>
  </datafield>
  <datafield tag="921" ind1=" " ind2=" ">
    <subfield code="a">63</subfield>
  </datafield>
  <datafield tag="922" ind1=" " ind2=" ">
    <subfield code="a">63</subfield>
  </datafield>
  <datafield tag="923" ind1=" " ind2=" ">
    <subfield code="a">1</subfield>
  </datafield>
  <datafield tag="924" ind1=" " ind2=" ">
    <subfield code="a">NO APLICA</subfield>
  </datafield>
  <datafield tag="942" ind1=" " ind2=" ">
    <subfield code="c">Tesis</subfield>
  </datafield>
  <datafield tag="999" ind1=" " ind2=" ">
    <subfield code="c">6683</subfield>
    <subfield code="d">6683</subfield>
  </datafield>
</record>
